Statistics for Plural Countries

Click here to take the quiz!

General Stats

  • This quiz has been taken 4,112 times
    (3,958 since last reset)
  • The average score is 8 of 12

Answer Stats

ContinentPlural Country% Correct
OceaniaMarshall Islands
82%
AsiaPhilippines
78%
OceaniaSolomon Islands
78%
North AmericaUnited States of America
77%
North AmericaBahamas
76%
EuropeNetherlands
74%
AfricaSeychelles
74%
AsiaMaldives
70%
AfricaComoros
62%
OceaniaFederated States of Micronesia
61%
AsiaUnited Arab Emirates
60%
North AmericaSaint Vincent and the Grenadines
53%

Score Distribution

Percentile by Number Answered

Percent of People with Each Score

Your Score History

You have not taken this quiz since the last reset